000 00913nam a22002770a 4500
001 PT17646
003 AR-LpoUNG
005 20210202002331.0
008 191001s2003||||ec |||||||||||||||||spa d
040 _aAR-LpoUNG
_bspa
_cAR-LpoUNG
_eaacr
041 _aspa
044 _aec
082 0 _a334.01 527ban
100 1 _aMello, João Joaquim de
245 1 0 _aBanco Palmas :
_buma prática de socioeconomia solidária
250 _a1§ edición
260 _aQuito :
_bPrograma de Gestión Urbana,
_cmayo 2003.
300 _a39 p. :
_bgráfs., tbls., mapas
710 2 _aAgora XXI (Fortaleza)
710 2 _aInstituto Banco Palmas (Fortaleza)
710 2 _aNaciones Unidas (New York). Programa de Gestión Urbana
710 2 _aNaciones Unidas (New York). Programa para el Desarrollo
710 2 _aNaciones Unidas (New York). Programa para los Asentamientos Humanos
905 _a17646
942 _cLIB
999 _c55905
_d55905